000 00783nam a2200253 a 4500
001 BRCA_6196
005 20190320205352.0
008 120711s1951----enka######---#000-0#eng-#
041 _aeng
044 _aenk
050 4 _aN6923 B8
_b.S36 1951
245 1 0 _aMichelangelo
_cMichele Saponaro; traslation from the italian by C. J. Richards.
260 _aLondres
_bP. Owen
_c1951
300 _a201 p.
_bil., 32 láminas
_c24 cm.
500 _aIncluye tabla de contenido y lista de ilustraciones
500 _aI56
650 1 4 _aBuonarotti, Michel Angelo
_y1475-1564
_915588
650 1 4 _aPintores italianos
_97654
650 1 4 _aEscultores italianos
_97653
700 1 _aSaponaro, Michele
_915589
700 1 _aRichards, C. J.
_eTraductor.
_915590
902 _aGFM
942 _2lcc
_cB
999 _c5883
_d5883